| 000 | 00746cab a2200241 4500 | ||
|---|---|---|---|
| 001 | WB3030-36 | ||
| 008 | 090401t1994 xxu||||| |||| 00| 0 eng d | ||
| 035 | _a(Sirsi) u23857 | ||
| 041 | _aeng | ||
| 245 | _aObjective 1 go-ahead for Merseyside | ||
| 260 | _c1994 | ||
| 350 | _a0 | ||
| 490 |
_aDoE News Release _v(467) 29 July 1994, (3) |
||
| 520 | _aInner Cities Minister welcomes the final go-ahead for the £1.5bn Objective 1 programme for Merseyside after the European Commission endorsed the Single Programming Document. | ||
| 650 | _aEC FUNDING | ||
| 650 | _aMERSEYSIDE | ||
| 650 | _aOBJECTIVE 1 | ||
| 650 | _aSTRUCTURAL FUNDS | ||
| 650 | _aURBAN REGENERATION | ||
| 690 | _aURBAN RENEWAL | ||
| 942 | _n0 | ||
| 948 | _c04/03/1997 | ||
| 999 |
_c15971 _d15971 |
||